| 000 | 00478cam a22002054a 4500 | ||
|---|---|---|---|
| 005 | 20250605164332.0 | ||
| 008 | 250528s ||||||||||||||||||||||||d | ||
| 035 | _a23273 | ||
| 020 | _a1583918809 | ||
| 040 |
_aGR-AtMCL _bgre _dGR-AtMCL _eAACR2 |
||
| 245 | 1 | _aCognitive Therapy | |
| 250 | _a1st | ||
| 260 |
_bRouledge, _c2005 |
||
| 300 | _a267 | ||
| 700 | 1 |
_aNeenan Michael _98734 |
|
| 700 | 1 |
_aWindy Dryden _98868 |
|
| 942 | _cBK | ||
| 999 |
_c8302 _d8302 |
||